[Event "GBR-ch 99th"]
[Site "North Shields"]
[Date "2012.07.25"]
[Round "3"]
[White "Kolbus, Dietmar"]
[Black "Weller, Jean Luc"]
[Result "0-1"]
[WhiteElo "2321"]
[BlackElo "2115"]
[PlyCount "96"]
[EventDate "2012.07.23"]
[EventType "swiss"]
[EventRounds "11"]
[EventCountry "ENG"]
[Source "John Saunders"]
[SourceDate "2015.07.24"]

1. c4 c5 2. Nf3 Nc6 3. d4 cxd4 4. Nxd4 e6 5. Nb5 Nf6 6. Nd6+ Bxd6 7. Qxd6 Ne4
8. Qd3 d5 9. cxd5 exd5 10. Nc3 O-O 11. Nxe4 dxe4 12. Qc3 Be6 13. Be3 Qd5 14.
Qc5 Rfd8 15. Qxd5 Bxd5 16. a3 Bb3 17. f3 Ne5 18. Rc1 a5 19. Rc3 a4 20. Kf2 Nc4
21. Bc1 e3+ 22. Kg3 Re8 23. h4 Rad8 24. Rd3 f5 25. Kf4 h6 26. h5 Rxd3 27. exd3
Nb6 28. Be2 Kf7 29. Kxf5 Be6+ 30. Ke5 Bd7+ 31. Kd4 Nc8 32. g4 Nd6 33. Kc5 Nb5
34. Re1 Re5+ 35. Kb4 Nd4 36. Kc4 Nc2 37. d4 Bb5+ 38. Kc3 Nxe1 39. dxe5 Bxe2 40.
Bxe3 Bxf3 41. g5 hxg5 42. Bxg5 Bxh5 43. b3 axb3 44. Kxb3 Nf3 45. Bf4 Ke6 46.
Kc4 Nxe5+ 47. Kb5 Be2+ 48. Kb6 Ba6 0-1

[Event "GBR-ch 99th"]
[Site "North Shields"]
[Date "2012.07.25"]
[Round "3"]
[White "Ledger, David"]
[Black "Elwin, Adrian G"]
[Result "1-0"]
[WhiteElo "2246"]
[BlackElo "1985"]
[PlyCount "79"]
[EventDate "2012.07.23"]
[EventType "swiss"]
[EventRounds "11"]
[EventCountry "ENG"]
[Source "John Saunders"]
[SourceDate "2015.07.24"]

1. e4 c6 2. d4 d5 3. e5 Bf5 4. Be3 Qb6 5. Qc1 e6 6. c4 dxc4 7. Nd2 Qa5 8. Bxc4
Bb4 9. Ngf3 Ne7 10. O-O Nd5 11. Nb3 Qd8 12. Bg5 Be7 13. Nc5 Qc7 14. Re1 h6 15.
Bxd5 hxg5 16. Be4 Nd7 17. Bxf5 Nxc5 18. dxc5 exf5 19. Nxg5 Rh5 20. Nf3 O-O-O
21. Qc4 Rd5 22. b4 g5 23. h3 Rh8 24. Qc2 Qd7 25. Rad1 g4 26. Rxd5 cxd5 27. hxg4
fxg4 28. Nd4 Bg5 29. b5 g3 30. fxg3 Qg4 31. Qf5+ Qxf5 32. Nxf5 Kd7 33. Nd6 Bd2
34. Re2 Bc3 35. Kf2 Bd4+ 36. Kf3 Bxc5 37. Nxf7 Re8 38. Kf4 b6 39. g4 Bb4 40.
Kf5 1-0

[Event "GBR-ch 99th"]
[Site "North Shields"]
[Date "2012.07.25"]
[Round "3"]
[White "Murphy, Hugh"]
[Black "Gordon, Stephen J"]
[Result "0-1"]
[WhiteElo "2180"]
[BlackElo "2539"]
[PlyCount "66"]
[EventDate "2012.07.23"]
[EventType "swiss"]
[EventRounds "11"]
[EventCountry "ENG"]
[Source "John Saunders"]
[SourceDate "2015.07.24"]

1. e4 c5 2. c3 d5 3. exd5 Qxd5 4. d4 Nf6 5. Nf3 e6 6. Be2 cxd4 7. cxd4 Nc6 8.
O-O Be7 9. Nc3 Qd6 10. Bg5 O-O 11. Qd2 b6 12. Bf4 Qd8 13. Ne5 Nxd4 14. Bc4 Bb7
15. Rad1 Nc6 16. Qe2 Qe8 17. Ng4 Rd8 18. Nb5 Rxd1 19. Rxd1 Na5 20. Nxf6+ Bxf6
21. Bd3 Qa8 22. b4 Nc6 23. Nd6 Nxb4 24. Bb1 Bxg2 25. Ne4 Bxe4 26. Bxe4 Nd5 27.
Qg4 Qd8 28. Rd3 g6 29. Bd2 Bg7 30. h4 f5 31. Qh3 Qf6 32. Bg2 Qa1+ 33. Bf1 Qxa2
0-1

[Event "GBR-ch 99th"]
[Site "North Shields"]
[Date "2012.07.25"]
[Round "3"]
[White "Palliser, Richard"]
[Black "Osborne, Marcus E"]
[Result "0-1"]
[WhiteElo "2482"]
[BlackElo "2245"]
[PlyCount "85"]
[EventDate "2012.07.23"]
[EventType "swiss"]
[EventRounds "11"]
[EventCountry "ENG"]
[Source "John Saunders"]
[SourceDate "2015.07.24"]

1. d4 Nf6 2. Nf3 b6 3. Bg5 e6 4. e4 h6 5. Bxf6 Qxf6 6. Nbd2 Bb7 7. Bd3 d6 8. c3
Nd7 9. Qe2 g5 10. Ba6 Bxa6 11. Qxa6 g4 12. Ng1 h5 13. Qb7 Qd8 14. Ne2 Bh6 15.
f4 gxf3 16. Nxf3 c5 17. Qc6 Ke7 18. e5 d5 19. O-O Qc8 20. Qa4 c4 21. b3 a6 22.
bxc4 Qxc4 23. Qc2 Rag8 24. Rae1 Rg4 25. Nd2 Qc6 26. h3 Rg7 27. Nf4 Rhg8 28. Re2
Bxf4 29. Rxf4 Nf8 30. Nf3 Nh7 31. Rf2 Rc8 32. Qb1 Qxc3 33. Kh2 b5 34. h4 Rc4
35. Qf1 Qc1 36. Ne1 Ke8 37. Rxf7 Rxf7 38. Rxf7 Rxd4 39. Rxh7 Rxh4+ 40. Kg3 Qg5+
41. Kf2 Rf4+ 42. Nf3 Rh4 43. Ne1 0-1

[Event "GBR-ch 99th"]
[Site "North Shields"]
[Date "2012.07.25"]
[Round "3"]
[White "Poobalasingam, Peter"]
[Black "Maroroa, Sue Yuchan"]
[Result "1/2-1/2"]
[WhiteElo "2263"]
[BlackElo "2035"]
[PlyCount "103"]
[EventDate "2012.07.23"]
[EventType "swiss"]
[EventRounds "11"]
[EventCountry "ENG"]
[Source "John Saunders"]
[SourceDate "2015.07.24"]

1. d4 Nf6 2. Nc3 g6 3. e4 d6 4. f4 Bg7 5. Nf3 O-O 6. Be2 c5 7. d5 e6 8. dxe6
Bxe6 9. O-O Nc6 10. Kh1 Qd7 11. Be3 b6 12. Ng5 Bg4 13. Bxg4 Nxg4 14. Bg1 h6 15.
Nf3 Nf6 16. Qd2 Rfe8 17. Rfe1 Rad8 18. Rad1 a6 19. Qf2 Qg4 20. h3 Qc8 21. Bh2
b5 22. e5 dxe5 23. Rxd8 Nxd8 24. fxe5 Nd7 25. Ne4 Re6 26. Nd6 Qc6 27. Qh4 Qc7
28. Rf1 Nxe5 29. Nxe5 Bxe5 30. Bxe5 Rxe5 31. Ne4 Qe7 32. Qxe7 Rxe7 33. Nxc5 a5
34. Rf6 Rc7 35. Rd6 Nc6 36. Nd3 Kf8 37. c3 Ke7 38. Rd5 Rd7 39. Rxd7+ Kxd7 40.
Kg1 Kd6 41. Kf2 Kd5 42. Ke3 g5 43. b3 f5 44. Nb2 Ne5 45. a4 bxa4 46. Nxa4 Nd7
47. Kd3 Ne5+ 48. Ke3 Nd7 49. Kd3 Ne5+ 50. Ke2 Nd7 51. Ke3 Ne5 52. Nb6+ 1/2-1/2

[Event "GBR-ch 99th"]
[Site "North Shields"]
[Date "2012.07.25"]
[Round "3"]
[White "Roe, Simon J"]
[Black "Ledger, Stephen"]
[Result "1/2-1/2"]
[WhiteElo "2275"]
[BlackElo "2089"]
[PlyCount "52"]
[EventDate "2012.07.23"]
[EventType "swiss"]
[EventRounds "11"]
[EventCountry "ENG"]
[Source "John Saunders"]
[SourceDate "2015.07.24"]

1. Nf3 d5 2. d4 Nf6 3. c4 e6 4. Nc3 Be7 5. Bg5 h6 6. Bh4 O-O 7. e3 Nbd7 8. Rc1
c6 9. Bd3 dxc4 10. Bxc4 b5 11. Bd3 Bb7 12. O-O a6 13. e4 c5 14. e5 Nd5 15. Bxe7
Qxe7 16. Bb1 Nxc3 17. Rxc3 Rfc8 18. Qd3 Nf8 19. Rfc1 cxd4 20. Rxc8 Rxc8 21.
Rxc8 Bxc8 22. Qxd4 Qc7 23. Qe3 Bb7 24. Nd4 Qc5 25. Nf5 Qxe3 26. Nxe3 Nd7
1/2-1/2

[Event "GBR-ch 99th"]
[Site "North Shields"]
[Date "2012.07.25"]
[Round "3"]
[White "Surtees, Michael"]
[Black "Foster, James M"]
[Result "0-1"]
[WhiteElo "2113"]
[BlackElo "2037"]
[PlyCount "112"]
[EventDate "2012.07.23"]
[EventType "swiss"]
[EventRounds "11"]
[EventCountry "ENG"]
[Source "John Saunders"]
[SourceDate "2015.07.24"]

1. e4 e6 2. f4 d5 3. e5 Nh6 4. Nf3 Be7 5. a3 f6 6. d4 O-O 7. Bd3 c5 8. c3 f5 9.
b4 cxd4 10. cxd4 Bd7 11. Nc3 Nc6 12. h3 Rc8 13. Qb3 Qb6 14. Ne2 Na5 15. Qb1 Nc4
16. g4 Be8 17. Kf2 Kh8 18. Kg2 Qc7 19. Ng3 Bg6 20. Ra2 Nb6 21. g5 Ng8 22. a4
Nc4 23. h4 Qb6 24. b5 a6 25. h5 Be8 26. Nxf5 exf5 27. Bxf5 Ra8 28. Bxh7 axb5
29. Bd3 b4 30. f5 b3 31. Rf2 Rxa4 32. f6 gxf6 33. exf6 Bxf6 34. gxf6 Nxf6 35.
Bf4 Ng4 36. Bxc4 dxc4 37. Be5+ Nxe5 38. dxe5 Bc6 39. Rh3 Bxf3+ 40. Rhxf3 Rxf3
41. Rxf3 Ra2+ 42. Kg3 Qc5 43. Qe1 b2 44. Kh3 Ra3 45. Rxa3 Qxa3+ 46. Kg4 Qd3 47.
e6 Qd4+ 48. Kf5 Qd5+ 49. Kg4 b1=Q 50. Qxb1 Qxe6+ 51. Kg5 Qe5+ 52. Kg4 b5 53.
Qb4 c3 54. Qf8+ Kh7 55. Kh4 Qe6 56. Kg3 Qg8+ 0-1

[Event "GBR-ch 99th"]
[Site "North Shields"]
[Date "2012.07.25"]
[Round "3"]
[White "Townsend, M Paul"]
[Black "Whitfield, Craig M"]
[Result "1/2-1/2"]
[WhiteElo "2252"]
[BlackElo "2020"]
[PlyCount "122"]
[EventDate "2012.07.23"]
[EventType "swiss"]
[EventRounds "11"]
[EventCountry "ENG"]
[Source "John Saunders"]
[SourceDate "2015.07.24"]

1. d4 Nf6 2. c4 g6 3. Nc3 Bg7 4. e4 d6 5. Nf3 O-O 6. Be2 e5 7. O-O Nc6 8. d5
Ne7 9. Ne1 Nd7 10. Be3 f5 11. f3 f4 12. Bf2 g5 13. Rc1 Ng6 14. Nb5 a6 15. Na7
Nf6 16. Nxc8 Rxc8 17. c5 h5 18. Qb3 g4 19. Qxb7 g3 20. hxg3 fxg3 21. Bxg3 Rb8
22. Qxa6 Rxb2 23. Rc2 Rxc2 24. Nxc2 Bh6 25. Bf2 Ne8 26. Ne3 Ng7 27. Kh2 Bf4+
28. g3 Qh4+ 29. Kg2 Qg5 30. Nf5 Bxg3 31. Bxg3 Nxf5 32. exf5 h4 33. Rg1 Qxf5 34.
Bh2 e4 35. Kf2 Kh7 36. Qc4 h3 37. cxd6 cxd6 38. Bxd6 Rf6 39. Qc7+ Rf7 40. Qc4
Nh4 41. Ke1 Nxf3+ 42. Bxf3 Qxf3 43. Rf1 Qe3+ 44. Kd1 Rxf1+ 45. Qxf1 Qd4+ 46.
Kc2 Qxd5 47. Qxh3+ Kg6 48. Qg3+ Kf7 49. Qb3 Ke6 50. Bf4 e3 51. Bxe3 Kd6 52.
Qb8+ Kd7 53. Qa7+ Kc6 54. Qa8+ Kd6 55. Bf4+ Kc5 56. Be3+ Kd6 57. Bf4+ Kc5 58.
Qa7+ Kc6 59. Qa8+ Kc5 60. Qa5+ Kc6 61. Qa6+ Kd7 1/2-1/2

[Event "GBR-ch 99th"]
[Site "North Shields"]
[Date "2012.07.25"]
[Round "3"]
[White "Turner, Matthew"]
[Black "Adair, James"]
[Result "1-0"]
[WhiteElo "2508"]
[BlackElo "2262"]
[PlyCount "95"]
[EventDate "2012.07.23"]
[EventType "swiss"]
[EventRounds "11"]
[EventCountry "ENG"]
[Source "John Saunders"]
[SourceDate "2015.07.24"]

1. c4 e5 2. g3 Nf6 3. Bg2 d5 4. cxd5 Nxd5 5. Nf3 Nc6 6. O-O Nb6 7. Nc3 Be7 8.
d3 O-O 9. Be3 Re8 10. a4 a5 11. Rc1 Bg4 12. Nd2 Bb4 13. Nb5 Qd7 14. Ne4 Nd5 15.
Bd2 b6 16. h3 Bh5 17. Qb3 Rad8 18. Bg5 Nce7 19. Bxe7 Bxe7 20. g4 Bg6 21. Ng3 c6
22. Bxd5 Qxd5 23. Qxd5 cxd5 24. Nc7 Rf8 25. Rc6 Bc5 26. h4 f6 27. h5 Bf7 28.
Rc1 Rc8 29. Nf5 Rfe8 30. R6xc5 bxc5 31. Nxe8 Rxe8 32. Rxc5 Ra8 33. Ne7+ Kf8 34.
Nxd5 Rb8 35. Rxa5 Bxd5 36. Rxd5 Rxb2 37. Kf1 Ra2 38. a5 g6 39. hxg6 hxg6 40.
Rb5 Kg7 41. g5 Kf7 42. Rb7+ Ke6 43. Rb6+ Kf5 44. gxf6 Rxa5 45. f7 Ra8 46. e4+
Kg5 47. Re6 Kg4 48. Rxg6+ 1-0

[Event "GBR-ch 99th"]
[Site "North Shields"]
[Date "2012.07.25"]
[Round "3"]
[White "Varnam, Liam"]
[Black "Walker, David"]
[Result "1/2-1/2"]
[WhiteElo "2070"]
[BlackElo "2276"]
[PlyCount "121"]
[EventDate "2012.07.23"]
[EventType "swiss"]
[EventRounds "11"]
[EventCountry "ENG"]
[Source "John Saunders"]
[SourceDate "2015.07.24"]

1. c4 e5 2. g3 Nf6 3. Bg2 c6 4. d4 Bb4+ 5. Bd2 Bxd2+ 6. Qxd2 d6 7. dxe5 dxe5 8.
Qxd8+ Kxd8 9. Nf3 Re8 10. Nc3 Bf5 11. Ng5 Re7 12. e4 Be6 13. Nxe6+ Rxe6 14. O-O
Kc7 15. f4 Nbd7 16. Rad1 Rd6 17. Rxd6 Kxd6 18. Rd1+ Kc7 19. Bf3 a5 20. b3 Nc5
21. Kf2 Re8 22. f5 Nfd7 23. Ke3 Nb6 24. Be2 Na6 25. Rd2 a4 26. b4 Nxb4 27. c5
Nd7 28. Rb2 Na6 29. Bxa6 bxa6 30. Nxa4 Rd8 31. h3 a5 32. g4 h6 33. Rb3 g5 34.
Rd3 Rh8 35. Kf3 h5 36. gxh5 Rxh5 37. Kg3 Rh4 38. Re3 Kb7 39. Kg2 Ka6 40. Rd3
Rxe4 41. Rxd7 Rxa4 42. Rxf7 Rf4 43. f6 Kb5 44. Re7 Kxc5 45. Rxe5+ Kb4 46. Rxg5
Rxf6 47. a3+ Kxa3 48. Rxa5+ Kb4 49. Ra8 c5 50. Rb8+ Kc3 51. Rc8 c4 52. h4 Kd3
53. Kg3 c3 54. h5 Rd6 55. Kg4 c2 56. Kg5 Rd4 57. Rxc2 Kxc2 58. h6 Rd1 59. h7
Rh1 60. Kg6 Rxh7 61. Kxh7 1/2-1/2

[Event "GBR-ch 99th"]
[Site "North Shields"]
[Date "2012.07.25"]
[Round "3"]
[White "Wadsworth, Matthew J"]
[Black "Shaw, Robert"]
[Result "0-1"]
[WhiteElo "2037"]
[BlackElo "2220"]
[PlyCount "68"]
[EventDate "2012.07.23"]
[EventType "swiss"]
[EventRounds "11"]
[EventCountry "ENG"]
[Source "John Saunders"]
[SourceDate "2015.07.24"]

1. e4 e5 2. Nf3 Nc6 3. Bb5 a6 4. Ba4 Nf6 5. d3 b5 6. Bb3 Be7 7. c3 d6 8. Nbd2
O-O 9. Nf1 Na5 10. Bc2 c5 11. Ng3 Qc7 12. O-O Bd7 13. Re1 Nc6 14. h3 Rad8 15.
Be3 d5 16. d4 cxd4 17. cxd4 exd4 18. Nxd4 Nxd4 19. Bxd4 dxe4 20. Nxe4 Nxe4 21.
Bxe4 Be6 22. Rc1 Qf4 23. Qh5 f5 24. g3 Qg5 25. Qxg5 Bxg5 26. f4 fxe4 27. Bb6
Bf6 28. Bxd8 Rxd8 29. Rc6 Bxh3 30. Rxa6 Rd2 31. Ra8+ Kf7 32. Ra7+ Kg6 33. Ra6
Kf5 34. Ra5 Bd4+ 0-1

[Event "GBR-ch 99th"]
[Site "North Shields"]
[Date "2012.07.25"]
[Round "3"]
[White "Walker, Nicholas P"]
[Black "Lenier, Jude"]
[Result "1-0"]
[WhiteElo "2179"]
[BlackElo "2016"]
[PlyCount "71"]
[EventDate "2012.07.23"]
[EventType "swiss"]
[EventRounds "11"]
[EventCountry "ENG"]
[Source "John Saunders"]
[SourceDate "2015.07.24"]

1. c4 e5 2. g3 Nf6 3. Nc3 d5 4. cxd5 Nxd5 5. Bg2 Nb6 6. d3 Nc6 7. Nf3 h6 8. a3
a5 9. Be3 Be6 10. Bxb6 cxb6 11. Qa4 Bd7 12. Qe4 f5 13. Qd5 Qf6 14. Qb3 Bc5 15.
Nd5 Qd8 16. e3 a4 17. Qa2 b5 18. O-O Bd6 19. Nh4 Qg5 20. Nb6 Rb8 21. Rac1 Qf6
22. Nxd7 Kxd7 23. Qd5 g5 24. Nf3 b4 25. axb4 Nxb4 26. Qb5+ Ke7 27. d4 Nc6 28.
dxe5 Nxe5 29. Nd4 f4 30. exf4 gxf4 31. Rfe1 fxg3 32. fxg3 Rhc8 33. Rxc8 Rxc8
34. Rf1 Rc5 35. Qxb7+ Rc7 36. Rxf6 1-0

[Event "GBR-ch 99th"]
[Site "North Shields"]
[Date "2012.07.25"]
[Round "3"]
[White "Wall, Tim"]
[Black "Mackle, Dominic"]
[Result "1/2-1/2"]
[WhiteElo "2347"]
[BlackElo "2130"]
[PlyCount "122"]
[EventDate "2012.07.23"]
[EventType "swiss"]
[EventRounds "11"]
[EventCountry "ENG"]
[Source "John Saunders"]
[SourceDate "2015.07.24"]

1. e4 e6 2. d4 d5 3. Nd2 Nf6 4. Bd3 c5 5. c3 cxd4 6. cxd4 dxe4 7. Nxe4 Bb4+ 8.
Nc3 Nc6 9. Nf3 O-O 10. O-O Be7 11. Re1 Nb4 12. Bb1 b6 13. Ne5 Bb7 14. Re3 Qd6
15. Rh3 Nbd5 16. Bg5 g6 17. Qe2 Rac8 18. Bh6 Rfd8 19. Rg3 Bf8 20. Bg5 Bg7 21.
a3 Ne7 22. Nb5 Qb8 23. Ba2 Bd5 24. Bxd5 Rxd5 25. Re1 Rf8 26. Rf3 Nf5 27. g4
Rxb5 28. gxf5 Qe8 29. fxe6 fxe6 30. Bxf6 Rxf6 31. Re3 Rf4 32. Nd3 Rg5+ 33. Rg3
Rxg3+ 34. hxg3 Rxd4 35. Nf4 e5 36. Qc2 Qd7 37. Qb3+ Kh8 38. Ne6 Rd3 39. Qc4 Bf6
40. Rc1 Rd1+ 41. Rxd1 Qxd1+ 42. Kg2 Qd7 43. a4 a5 44. b3 Be7 45. Kf3 h5 46. Ke4
Qd1 47. Kxe5 Qe1+ 48. Qe4 Qxf2 49. Qxg6 Qe3+ 50. Kd5 Qxb3+ 51. Kc6 Qxa4+ 52.
Kc7 Qg4 53. Qe8+ Qg8 54. Qxh5+ Qh7 55. Qe8+ Qg8 56. Qxe7 Qxg3+ 57. Kxb6 Qf2+
58. Kxa5 Qf5+ 59. Kb6 Qf2+ 60. Kc6 Qf3+ 61. Kc7 Qf7 1/2-1/2

[Event "GBR-ch 99th"]
[Site "North Shields"]
[Date "2012.07.26"]
[Round "4"]
[White "Adair, James"]
[Black "Jain, Radha"]
[Result "1-0"]
[WhiteElo "2262"]
[BlackElo "1868"]
[PlyCount "51"]
[EventDate "2012.07.23"]
[EventType "swiss"]
[EventRounds "11"]
[EventCountry "ENG"]
[Source "John Saunders"]
[SourceDate "2015.07.24"]

1. e4 c6 2. d4 d5 3. Nc3 dxe4 4. Nxe4 Bf5 5. Ng3 Bg6 6. N1e2 h6 7. Nf4 Bh7 8.
Bc4 Nf6 9. O-O e6 10. Re1 Nd5 11. Bxd5 cxd5 12. Qh5 g6 13. Qe5 Rg8 14. Qxd5
Qxd5 15. Nxd5 Kd8 16. Nf6 Rh8 17. d5 e5 18. Nxh7 Rxh7 19. Rxe5 Bg7 20. Re2 Nd7
21. c3 Nb6 22. Be3 Kc7 23. Bf4+ Kd7 24. Rd1 Rd8 25. Be3 Kc7 26. c4 1-0

[Event "GBR-ch 99th"]
[Site "North Shields"]
[Date "2012.07.26"]
[Round "4"]
[White "Batchelor, Peter"]
[Black "Wall, Tim"]
[Result "1-0"]
[WhiteElo "2103"]
[BlackElo "2347"]
[PlyCount "69"]
[EventDate "2012.07.23"]
[EventType "swiss"]
[EventRounds "11"]
[EventCountry "ENG"]
[Source "John Saunders"]
[SourceDate "2015.07.24"]

1. d4 g6 2. Nf3 Bg7 3. g3 Nf6 4. Bg2 O-O 5. O-O d6 6. c4 Nbd7 7. Nc3 e5 8. b3
Re8 9. e4 a6 10. Re1 exd4 11. Nxd4 Rb8 12. Bb2 c5 13. Nc2 Ne5 14. Qd2 b5 15. f4
Bh6 16. Ne3 b4 17. Ncd1 Ned7 18. Nf2 Bg7 19. Rad1 Qa5 20. a4 Bb7 21. Neg4 h5
22. Nxf6+ Nxf6 23. Qc1 Qb6 24. Qa1 Re6 25. Bh3 Rbe8 26. Bxe6 Rxe6 27. Nh3 Rxe4
28. Rxe4 Qc6 29. Rd5 Nxd5 30. cxd5 Qxd5 31. Ng5 Bxb2 32. Re8+ Kg7 33. Qxb2+ f6
34. Re7+ Kg8 35. Rxb7 1-0

[Event "GBR-ch 99th"]
[Site "North Shields"]
[Date "2012.07.26"]
[Round "4"]
[White "Coathup, Roger"]
[Black "Arkell, Keith C"]
[Result "0-1"]
[WhiteElo "2136"]
[BlackElo "2441"]
[PlyCount "124"]
[EventDate "2012.07.23"]
[EventType "swiss"]
[EventRounds "11"]
[EventCountry "ENG"]
[Source "John Saunders"]
[SourceDate "2015.07.24"]

1. c4 f5 2. g3 Nf6 3. Bg2 e5 4. e3 c6 5. Ne2 d5 6. cxd5 cxd5 7. Nbc3 Na6 8. O-O
Be7 9. d4 e4 10. f3 O-O 11. fxe4 fxe4 12. Qb3 Kh8 13. Bd2 Nc7 14. Rac1 b6 15.
Nb5 Ne6 16. Nf4 Nxf4 17. Rxf4 Ba6 18. Bh3 Qe8 19. Nc7 Qh5 20. Rh4 Qe2 21. Qd1
Rab8 22. Rf4 Qxd1+ 23. Rxd1 Bc8 24. Ne6 Re8 25. Rff1 h6 26. Nf4 Bd6 27. Bxc8
Rbxc8 28. Rc1 Bxf4 29. gxf4 Kg8 30. h3 Kf7 31. Bb4 Ke6 32. Kf2 Rc4 33. Bd2 Rec8
34. Ke2 Kf5 35. Kd1 Rxc1+ 36. Bxc1 Ne8 37. b3 Rc6 38. Rg1 Rg6 39. Rxg6 Kxg6 40.
Ke2 Kh5 41. Kf2 Kh4 42. Kg2 g5 43. fxg5 hxg5 44. Bd2 Nd6 45. Be1+ Kh5 46. Kg3
Nf5+ 47. Kf2 g4 48. hxg4+ Kxg4 49. Bb4 a6 50. a4 Kh3 51. Bf8 Kh2 52. Bb4 Kh3
53. Bf8 b5 54. axb5 axb5 55. Bb4 Nh6 56. Bd6 Ng4+ 57. Ke2 Kg2 58. Be7 Nh6 59.
Bg5 Nf5 60. Bf4 Ng3+ 61. Kd2 Kf2 62. Kc3 Ne2+ 0-1

[Event "GBR-ch 99th"]
[Site "North Shields"]
[Date "2012.07.26"]
[Round "4"]
[White "Eggleston, David"]
[Black "Varnam, Liam"]
[Result "1-0"]
[WhiteElo "2323"]
[BlackElo "2070"]
[PlyCount "129"]
[EventDate "2012.07.23"]
[EventType "swiss"]
[EventRounds "11"]
[EventCountry "ENG"]
[Source "John Saunders"]
[SourceDate "2015.07.24"]

1. e4 c5 2. Nf3 Nc6 3. d4 cxd4 4. Nxd4 Nf6 5. Nc3 e5 6. Ndb5 d6 7. Bg5 a6 8.
Na3 b5 9. Nd5 Be7 10. Bxf6 Bxf6 11. c4 b4 12. Nc2 a5 13. g3 O-O 14. h4 Be6 15.
Bh3 a4 16. Bxe6 fxe6 17. Ndxb4 Nxb4 18. Nxb4 Qb6 19. Qd2 Qb7 20. O-O Qxe4 21.
Qxd6 Qxc4 22. Rac1 Qg4 23. Nc6 e4 24. Ne5 Qf5 25. Nd7 Rad8 26. Qc6 Bd4 27. Nxf8
Rxf8 28. Rc2 e3 29. Kg2 exf2 30. Re2 e5 31. Qd5+ Kh8 32. b4 Qg4 33. Qe4 Qd7 34.
Rd2 Qb5 35. a3 h6 36. Rd3 Qc4 37. Rf3 Rxf3 38. Qxf3 Qc2 39. g4 e4 40. Qf8+ Kh7
41. Qf5+ Kh8 42. b5 Qe2 43. g5 e3 44. g6 Qc4 45. Rc1 f1=Q+ 46. Qxf1 Qa2+ 47.
Kh1 Qd5+ 48. Qg2 Qd8 49. Qe4 Bb2 50. Re1 Bd4 51. Rd1 Qf8 52. Qg2 Bc5 53. Rf1
Qd8 54. Rf4 Bxa3 55. Rd4 Qc8 56. Qg4 Qf8 57. Rf4 Qd8 58. Rxa4 Bc5 59. Qf3 e2
60. Qxe2 Qd5+ 61. Re4 Qa8 62. Kg2 Bd6 63. Qf3 Qc8 64. Re2 Bb8 65. Qe4 1-0

[Event "GBR-ch 99th"]
[Site "North Shields"]
[Date "2012.07.26"]
[Round "4"]
[White "Elwin, Adrian G"]
[Black "Hoare, Amy B"]
[Result "1-0"]
[WhiteElo "1985"]
[BlackElo "1958"]
[PlyCount "105"]
[EventDate "2012.07.23"]
[EventType "swiss"]
[EventRounds "11"]
[EventCountry "ENG"]
[Source "John Saunders"]
[SourceDate "2015.07.24"]

1. d4 Nf6 2. c4 g6 3. Nc3 d5 4. Nf3 Bg7 5. Qb3 dxc4 6. Qxc4 O-O 7. e4 Nc6 8.
Be2 Bg4 9. Be3 Nd7 10. Rd1 Nb6 11. Qd3 Nb4 12. Qd2 Qd7 13. O-O Rad8 14. d5 Bxf3
15. gxf3 Qh3 16. a3 Nc6 17. Bf4 Be5 18. Qe3 Bxf4 19. Qxf4 e5 20. Qe3 Nd4 21. f4
Nxe2+ 22. Qxe2 exf4 23. Rd3 Qh4 24. Kh1 Nc4 25. e5 Rfe8 26. e6 Qf6 27. Re1 fxe6
28. dxe6 Rxd3 29. Qxd3 Ne5 30. Qd5 Qxe6 31. Rxe5 Qxd5+ 32. Rxd5 f3 33. h4 Re1+
34. Kh2 Re7 35. Kg3 Rf7 36. Rd3 h6 37. Rxf3 Rd7 38. b4 a6 39. Ne4 Re7 40. Re3
b6 41. f4 Re6 42. Kf3 Kf7 43. Nc3 a5 44. Rxe6 Kxe6 45. Ke4 axb4 46. axb4 c5 47.
b5 Kd6 48. Nd5 h5 49. Nxb6 Ke6 50. Nc4 Kd7 51. Kd5 Kc7 52. Kxc5 Kb7 53. b6 1-0

[Event "GBR-ch 99th"]
[Site "North Shields"]
[Date "2012.07.26"]
[Round "4"]
[White "Foo, William"]
[Black "Murphy, Hugh"]
[Result "1-0"]
[WhiteElo "2009"]
[BlackElo "2180"]
[PlyCount "77"]
[EventDate "2012.07.23"]
[EventType "swiss"]
[EventRounds "11"]
[EventCountry "ENG"]
[Source "John Saunders"]
[SourceDate "2015.07.24"]

1. e4 c6 2. d4 d5 3. e5 Bf5 4. c4 e6 5. Nc3 Nd7 6. Nf3 Ne7 7. cxd5 Nxd5 8. Bd3
Bxd3 9. Qxd3 Nxc3 10. bxc3 Nb6 11. O-O Be7 12. Re1 Qd5 13. Nd2 Rd8 14. a4 O-O
15. a5 Nd7 16. Qg3 c5 17. Ne4 Rfe8 18. Bh6 g6 19. Qf4 cxd4 20. cxd4 Qxd4 21.
Bg5 Bxg5 22. Qxg5 h6 23. Qg3 Kg7 24. Nd6 Rf8 25. Nxb7 Rc8 26. Rad1 Qb4 27. Rb1
Qc3 28. f4 Qc2 29. Qe3 Rc3 30. Qxa7 Rfc8 31. Nd6 R8c7 32. Ne8+ Kh7 33. Nxc7
Rxc7 34. Qd4 Qf5 35. a6 Qg4 36. h3 Qg3 37. Qe3 Qh4 38. a7 Rc8 39. Ra1 1-0

[Event "GBR-ch 99th"]
[Site "North Shields"]
[Date "2012.07.26"]
[Round "4"]
[White "Foster, James M"]
[Black "Poobalasingam, Peter"]
[Result "0-1"]
[WhiteElo "2037"]
[BlackElo "2263"]
[PlyCount "62"]
[EventDate "2012.07.23"]
[EventType "swiss"]
[EventRounds "11"]
[EventCountry "ENG"]
[Source "John Saunders"]
[SourceDate "2015.07.24"]

1. e4 e6 2. d4 d5 3. e5 c5 4. c3 Qb6 5. Nf3 Nc6 6. a3 Nh6 7. b4 cxd4 8. cxd4
Nf5 9. Bb2 Be7 10. Nc3 Nfxd4 11. Nxd4 Qxd4 12. Qxd4 Nxd4 13. Nxd5 exd5 14. Bxd4
a5 15. b5 Bf5 16. Be2 O-O 17. O-O a4 18. Rfd1 Rfc8 19. Bd3 Bxd3 20. Rxd3 Ra5
21. b6 Rb5 22. g3 Rb3 23. Rxb3 axb3 24. a4 Rc4 25. Bb2 Rc2 26. Bd4 b2 27. Rf1
Bc5 28. Bxb2 Rxb2 29. a5 Ra2 30. a6 Rxa6 31. Rc1 Ra5 0-1

[Event "GBR-ch 99th"]
[Site "North Shields"]
[Date "2012.07.26"]
[Round "4"]
[White "Gormally, Daniel"]
[Black "Howell, David"]
[Result "1/2-1/2"]
[WhiteElo "2505"]
[BlackElo "2620"]
[PlyCount "116"]
[EventDate "2012.07.23"]
[EventType "swiss"]
[EventRounds "11"]
[EventCountry "ENG"]
[Source "John Saunders"]
[SourceDate "2015.07.24"]

1. d4 Nf6 2. Nf3 g6 3. c4 Bg7 4. g3 d5 5. Bg2 dxc4 6. Na3 c3 7. bxc3 c5 8. O-O
O-O 9. e3 Nc6 10. Qe2 Qa5 11. Bb2 Bf5 12. Nd2 cxd4 13. cxd4 Bg4 14. f3 Be6 15.
Nb3 Bxb3 16. axb3 Qb6 17. Qb5 Qxb5 18. Nxb5 Nd5 19. Rfe1 Ncb4 20. Re2 a6 21.
Nc3 Nxe3 22. Rxe3 Bxd4 23. Nd1 Bxe3+ 24. Nxe3 Rfd8 25. Bf1 Rac8 26. Ba3 Rc3 27.
Bxb4 Rxe3 28. f4 Rxb3 29. Bxe7 Rd7 30. Bf6 Rb6 31. Bc3 f6 32. g4 Rc6 33. Ra3
Kf7 34. g5 fxg5 35. fxg5 Rd1 36. Kf2 Rc5 37. Be2 Rf5+ 38. Ke3 Rh1 39. Bf6 Rxh2
40. Bg4 Rg2 41. Ra4 Rg3+ 42. Ke2 Rg2+ 43. Ke3 Rxf6 44. gxf6 Kxf6 45. Rf4+ Ke7
46. Rd4 Ke8 47. Bd7+ Ke7 48. Bc8 a5 49. Rd7+ Kf6 50. Bxb7 Rh2 51. Bf3 a4 52.
Ra7 Rh4 53. Bc6 Rc4 54. Bxa4 Rc3+ 55. Kf2 Ra3 56. Ra6+ Ke5 57. Bb5 Rxa6 58.
Bxa6 Kd4 1/2-1/2

[Event "GBR-ch 99th"]
[Site "North Shields"]
[Date "2012.07.26"]
[Round "4"]
[White "Hawkins, Jonathan"]
[Black "Jaunooby, Ali Reza"]
[Result "1-0"]
[WhiteElo "2499"]
[BlackElo "2165"]
[PlyCount "61"]
[EventDate "2012.07.23"]
[EventType "swiss"]
[EventRounds "11"]
[EventCountry "ENG"]
[Source "John Saunders"]
[SourceDate "2015.07.24"]

1. e4 d5 2. exd5 Nf6 3. Nf3 Nxd5 4. d4 Bg4 5. h3 Bh5 6. c4 Nb6 7. Nc3 e6 8. g4
Bg6 9. Ne5 N8d7 10. Nxg6 hxg6 11. c5 Nc8 12. Qb3 Rb8 13. Be3 b6 14. Qa4 a6 15.
Bxa6 Ra8 16. Qc4 bxc5 17. dxc5 Ne5 18. Bb5+ c6 19. Qe4 Na7 20. Rd1 Qb8 21. Be2
f5 22. Qd4 Be7 23. f4 Nxg4 24. Bxg4 Qxb2 25. Qxg7 Rf8 26. Rd2 Qa1+ 27. Ke2 Qxh1
28. Qxg6+ Rf7 29. Qg8+ Bf8 30. Bh5 Qh2+ 31. Bf2 1-0